Awas kalau dah suka!

Bibliographic Details
Main Author: Miz Amaryllis
Format: Book
Published: Kuala Lumpur : Penerbitan Kaki Novel , 204
Subjects:

MARC

LEADER 00000cam a2200000 7i4500
001 0000081802
005 20190106.0
008 190106
020 |a 9789670448619 
041 0 |a Malay 
090 0 0 |a MIZ   |b MAL 
100 0 |a Miz Amaryllis 
245 0 0 |a Awas kalau dah suka!   |c Miz Amaryllis 
260 |a Kuala Lumpur :   |b Penerbitan Kaki Novel ,   |c 204 
300 |a 18.5cm :   |b 502pg 
500 |a Novel malay 
541 0 0 |c Purchased 
650 0 |a Malay fiction 
999 |a 0001519707   |b Book   |c Adult Collection   |e Cawangan Bandar Tenggara